| 000 | 00583nam a2200193 u 4500 | ||
|---|---|---|---|
| 005 | 20230511063604.0 | ||
| 008 | 130827s2008 mx r 000 0 spa d | ||
| 020 | _a9789707322578 | ||
| 035 | _aUPN01000192479 | ||
| 049 | _aCG | ||
| 050 | 4 |
_aPQ7298.28 U9.2 _bM6.7 |
|
| 100 | 1 |
_aRuvalcaba, Eusebio, _d1951-2017 _932647 |
|
| 245 | 1 | 4 |
_aUna mosca devastada y deprimida sobreviviendo en un hilito de sangre / _cEusebio Ruvalcaba. |
| 260 |
_aMéxico : _bLectorum, _c2008. |
||
| 300 | _a221 p. | ||
| 650 | 0 |
_aLiteratura juvenil mexicana _915848 |
|
| 905 | _aLibro | ||
| 999 |
_c164581 _d164581 |
||